Loading...
Fine Arts - Classical Music | 0 | 3 | 1 | 0 | 25 | 114 | 119.33 | 1 | 3 |
History - European History | 0 | 2 | 0 | 1 | 20 | 114 | 119.50 | 0 | 2 |
Fine Arts - Other Fine Arts | 0 | 1 | 0 | 0 | 10 | 93 | 93.00 | 1 | 1 |
Science - Chemistry | 0 | 1 | 0 | 0 | 10 | 113 | 113.00 | 1 | 1 |
Science - Physics | 0 | 1 | 0 | 1 | 10 | 124 | 124.00 | 0 | 1 |
Literature - European Literature | 0 | 1 | 0 | 1 | 10 | 137 | 137.00 | 0 | 1 |
History - Other History | 0 | 1 | 1 | 0 | 5 | 110 | 110.00 | 0 | 1 |
Religion | 0 | 1 | 1 | 1 | 5 | 133 | 133.00 | 0 | 1 |
Mythology | 0 | 1 | 2 | 0 | 0 | 103 | 103.00 | 0 | 1 |
Social Science | 0 | 0 | 1 | 0 | -5 | 0.00 | 0 | 0 | |
Literature - British Literature | 0 | 0 | 1 | 0 | -5 | 0.00 | 0 | 0 | |
Other | 0 | 0 | 1 | 0 | -5 | 0.00 | 0 | 0 | |
Philosophy | 0 | 0 | 1 | 0 | -5 | 0.00 | 0 | 0 | |
Science - Biology | 0 | 0 | 1 | 0 | -5 | 0.00 | 0 | 0 |